000
00316nam a2200145Ia 4500
100
_a
CEDT
942
_c
BK
654
_a
The intel 8085
245
_a
The Intel 8085/ A Family Data Manual
260
_b
Indian institute of Science
082
_a
4.16
_b
CEDT
300
_a
239
546
_a
ENGLISH
999
_c
28707
_d
28707